| 000 | 00792cam a22002411i 4500 | ||
|---|---|---|---|
| 001 | 15738 | ||
| 003 | BD-RjUL | ||
| 005 | 20211208235857.0 | ||
| 008 | 140210s1964 nyua b 001 0 eng | ||
| 035 | _a(BD-RjUL)15793 | ||
| 040 |
_dBD-RjUL _aNNC _beng _cNNC |
||
| 041 | _aeng | ||
| 082 | 0 | 0 |
_a658.7 _bHEB 1964 |
| 100 | 1 |
_aHeskett, James L. _948477 |
|
| 245 | 1 | 0 |
_aBusiness logistics : _bmanagement of physical supply and distribution / _cJ.L. Heskett, Robert M. Ivie [and] Nicholas A. Glaskowsky, Jr. |
| 260 |
_aNew York : _bRonald Press Co., _cc1964. |
||
| 300 |
_axi, 557 p. : _bill. ; _c24 cm. |
||
| 500 | _aIncludes index. | ||
| 504 | _aIncludes bibliographies. "Information sources": p. 525-534. | ||
| 650 | 0 |
_aMaterials management. _946909 |
|
| 942 |
_2ddc _cBK |
||
| 999 |
_c15738 _d15738 |
||